000 00480nam a22001697a 4500
005 20251108165230.0
008 250721s1981 xx 000 0 ara d
082 1 4 _a822.33/شكس
100 1 _aشكسبير، وليم
245 1 0 _aترويض شرسة /
264 1 _aبيروت :
_bدار مارون عبود،
_c1981.
300 _a126ص
650 1 7 _aالمسرحيات الإنجليزية
700 1 _aشاطيء، أ
_eترجمة
942 _2ddc
_cBK
999 _c22779
_d22779